Manažment rizika vzdelávacie kurzy projektu Exceterr
Salvato in:
| Autore principale: | |
|---|---|
| Altri autori: | |
| Natura: | Libro |
| Lingua: | slovacco |
| Pubblicazione: |
Žilina
EDIS-vydavateľstvo Žilinskej univerzity
2000
|
| Soggetti: | |
| Tags: |
Nessun Tag, puoi essere il primo ad aggiungerne!!
|
MARC
| LEADER | 00000nam$a2200000$$$4500 | ||
|---|---|---|---|
| 001 | 0034908 | ||
| 005 | 20240326125900.4 | ||
| 020 | |a 80-7100-795-1 | ||
| 041 | 0 | |a slo | |
| 044 | |a SK | ||
| 245 | 1 | 0 | |a Manažment rizika |b vzdelávacie kurzy projektu Exceterr |c Ivana Ficzová, Martin Herich |
| 264 | 1 | |a Žilina |b EDIS-vydavateľstvo Žilinskej univerzity |c 2000 | |
| 300 | |a 50 s. | ||
| 610 | 2 | 0 | |a riziko |
| 610 | 2 | 0 | |a manažment |
| 610 | 2 | 0 | |a riadenie |
| 610 | 2 | 0 | |a analýzy |
| 610 | 2 | 0 | |a zdravie |
| 610 | 2 | 0 | |a prostredie životné |
| 610 | 2 | 0 | |a politika hospodárska |
| 100 | 1 | |a Ficzová, Ivana | |
| 700 | 1 | |a Herich, Martin | |